| 000 -LEADER |
| fixed length control field |
00625nam a22002057a 4500 |
| 008 - FIXED-LENGTH DATA ELEMENTS--GENERAL INFORMATION |
| fixed length control field |
131129b xxu||||| |||| 00| 0 ger d |
| 020 ## - INTERNATIONAL STANDARD BOOK NUMBER |
| International Standard Book Number |
3854282559 |
| 041 0# - LANGUAGE CODE |
| Language code of text/sound track or separate title |
ger |
| -- |
bul |
| 080 ## - UNIVERSAL DECIMAL CLASSIFICATION NUMBER |
| Universal Decimal Classification number |
351.82 |
| 245 00 - TITLE STATEMENT |
| Title |
GmbH-Mustervertrag Bulgarien : |
| Statement of responsibility, etc |
Waltschin Dukalov |
| 260 ## - |
| -- |
Wien : |
| -- |
Service Fachverlag ; |
| -- |
1993. |
| 300 ## - |
| -- |
200 f. : |
| -- |
21 cm. |
| 490 ## - |
| -- |
Schriftenreihe des FOWI |
| 500 ## - |
| -- |
Vorwort : f. 5-6 |
| 650 #0 - |
| -- |
Administrata publike |
| -- |
Bullgaria |
| 650 #0 - |
| -- |
Kontrata |
| -- |
Bullgaria |
| 700 1# - |
| -- |
Duskalov, Waltschin |
| 700 1# - |
| -- |
Kalss, Susanne |
| 942 ## - ADDED ENTRY ELEMENTS (KOHA) |
| Source of classification or shelving scheme |
|
| Item type |
Books |